1304 1051 1746 1753 1756 1890 1032 1314 1334 1724 1735 1041 1773 1355 1634 1415 1405 1401 1993 1995 1537 1451 1385 1531 1029 1663 1142 1499 1418 1034 1441 1990 1916 1997 1545 1657 1875 1650 1874 1978 1437 1668 1343 1495 1020 1813 1980 1307 1193 1804 1293 1820 1569 1427 1651 1345 1043 1667 1179 1148 1693 1661 1765 1567 1270 1697 1831 1732 1986 1842 1562 1725 1200 1994 1554 1580 1104 1919 1207 1827 1857 1041 1038 1087 1932 1661 1116 1100 1777 1697 1236 1577 1517 1208 1982 1201 1558 1525 1015 BCNSPRNW ULIB Ver.6.0+V

เปลี่ยนเป็นภาษาไทย

Change to English
 แสดงรายละเอียดบรรณานุกรม
  กลับหน้าหลัก

Brief Record : Get Marc (ISO 2709) : E-mail record : QR code < ปิดหน้าต่าง
LEADER : 00000nam 2200000uu 4500
001    13399126113
003     ULIB
008    180606s2560||||th 000 0 tha d
020    ^a9786167741291
060    ^aWB110^bส642ว
100    ^aสาธิต คูระทอง...[และคนอื่นๆ]
245    ^aเวชศาสตร์เขตเมือง 4.0
250    ^aพิมพ์ครั้งที่ 1
260    ^aกรุงเทพฯ :^bคณะแพทยศาสตร์วชิรพยาบาล มหาวิทยาลัยนวมินทราธิราช,^c2560
300    ^a520 หน้า :^bภาพประกอบ ;^c26 ซม.
500    ^a600 บาท
650    ^aเวชศาสตร์
945    ^p600^l0^i26048
945    ^p600^l0^i26049
945    ^p600^l0^i26050
945    ^p600^l0^i26051
945    ^p600^l0^i26052
945    ^p600^l0^i26053
945    ^p600^l0^i26054
945    ^p600^l0^i26055
945    ^p600^l0^i26056
945    ^p600^l0^i26057
999    ^aกัณชพร จุลอักษร
รายการนี้ยังไม่มีแท็ก
คุณยังไม่ได้ล็อกอิน คุณสามารถมีกิจกรรมร่วมกับเว็บไซต์ได้ แต่ต้องล็อกอินก่อน ::
  ล็อกอิน

รายการสื่อสารสนเทศ

ลำดับที่ ประเภท เลขเรียก/บาร์โค้ด สถานที่ สถานะ
1. หนังสือสำรอง
หนังสือสำรอง
WB110 ส642ว ฉ.1 
  Barcode: 26048
ห้องสมุดวิทยาเขตนครสวรรค์
►หนังสือทั่วไป:l:General Books
บนชั้น
2. วิทยาศาสตร์การแพทย์ และสุขภาพ
วิทยาศาสตร์การแพทย์ และสุขภาพ
WB110 ส642ว ฉ.10 
  Barcode: 26057
ห้องสมุดวิทยาเขตนครสวรรค์
►หนังสือทั่วไป:l:General Books
บนชั้น
3. วิทยาศาสตร์การแพทย์ และสุขภาพ
วิทยาศาสตร์การแพทย์ และสุขภาพ
WB110 ส642ว ฉ.2 
  Barcode: 26049
ห้องสมุดวิทยาเขตนครสวรรค์
►หนังสือทั่วไป:l:General Books
บนชั้น
4. วิทยาศาสตร์การแพทย์ และสุขภาพ
วิทยาศาสตร์การแพทย์ และสุขภาพ
WB110 ส642ว ฉ.3 
  Barcode: 26050
ห้องสมุดวิทยาเขตนครสวรรค์
►หนังสือทั่วไป:l:General Books
บนชั้น
5. วิทยาศาสตร์การแพทย์ และสุขภาพ
วิทยาศาสตร์การแพทย์ และสุขภาพ
WB110 ส642ว ฉ.4 
  Barcode: 26051
ห้องสมุดวิทยาเขตนครสวรรค์
►หนังสือทั่วไป:l:General Books
บนชั้น
6. วิทยาศาสตร์การแพทย์ และสุขภาพ
วิทยาศาสตร์การแพทย์ และสุขภาพ
WB110 ส642ว ฉ.5 
  Barcode: 26052
ห้องสมุดวิทยาเขตนครสวรรค์
►หนังสือทั่วไป:l:General Books
บนชั้น
7. วิทยาศาสตร์การแพทย์ และสุขภาพ
วิทยาศาสตร์การแพทย์ และสุขภาพ
WB110 ส642ว ฉ.6 
  Barcode: 26053
ห้องสมุดวิทยาเขตนครสวรรค์
►หนังสือทั่วไป:l:General Books
บนชั้น
8. วิทยาศาสตร์การแพทย์ และสุขภาพ
วิทยาศาสตร์การแพทย์ และสุขภาพ
WB110 ส642ว ฉ.7 
  Barcode: 26054
ห้องสมุดวิทยาเขตนครสวรรค์
►หนังสือทั่วไป:l:General Books
บนชั้น
9. วิทยาศาสตร์การแพทย์ และสุขภาพ
วิทยาศาสตร์การแพทย์ และสุขภาพ
WB110 ส642ว ฉ.8 
  Barcode: 26055
ห้องสมุดวิทยาเขตนครสวรรค์
►หนังสือทั่วไป:l:General Books
บนชั้น
10. วิทยาศาสตร์การแพทย์ และสุขภาพ
วิทยาศาสตร์การแพทย์ และสุขภาพ
WB110 ส642ว ฉ.9 
  Barcode: 26056
ห้องสมุดวิทยาเขตนครสวรรค์
►หนังสือทั่วไป:l:General Books
บนชั้น

รายการใกล้เคียง
    ชื่อเรื่อง [เวชศาสตร์เขตเมือง 4.0]

    ผู้แต่ง [สาธิต คูระทอง...[และคนอื่นๆ]]

    หัวเรื่อง [เวชศาสตร์]

BibComment


ยังไม่เคยถูกคอมเมนท์

คอมเมนท์ทรัพยากรรายการนี้
  คอมเมนท์: เวชศาสตร์เขตเมือ..


 Copyright 2026. Bcnsprnw @Library